[Event "ROM-ch"]
[Site "Eforie Nord"]
[Date "2024.03.02"]
[Round "9"]
[White "Danila, Tudor Gabriel"]
[Black "Andronescu, Madalin"]
[Result "1-0"]
[WhiteElo "1901"]
[BlackElo "2007"]
[PlyCount "51"]
[EventDate "2024.02.24"]
[EventType "swiss"]
[EventRounds "9"]
[EventCountry "ROU"]
[SourceTitle "CB10_2024"]
[SourceDate "2024.03.06"]
[SourceVersion "1"]
[SourceVersionDate "2024.03.06"]
[SourceQuality "1"]

1. e4 c5 2. c3 Nf6 3. e5 Nd5 4. d4 cxd4 5. Nf3 Nc6 6. cxd4 e6 7. Bc4 d6 8. 0-0 Be7 9. Qe2 0-0 10. Nc3 Nxc3 11. bxc3 dxe5 12. dxe5 b6 13. Re1 Bb7 14. Bd2 Na5 15. Bd3 Rc8 16. Rad1 Qd5 17. Bg5 Qc5 18. h4 h6 19. Be3 Qxc3 20. Nd4 Nc6 21. Qh5 Nxd4 22. Bxd4 Qc6 23. Re4 Rfd8 24. Rg4 Kf8 25. Be3 Rd5 26. Rxg7 1-0

[Event "ROM-ch"]
[Site "Eforie Nord"]
[Date "2024.02.26"]
[Round "3"]
[White "Danila, Tudor Gabriel"]
[Black "Pisu, Robert Daniel"]
[Result "1-0"]
[WhiteElo "1901"]
[BlackElo "2154"]
[PlyCount "83"]
[EventDate "2024.02.24"]
[EventType "swiss"]
[EventRounds "9"]
[EventCountry "ROU"]
[SourceTitle "CB10_2024"]
[SourceDate "2024.03.06"]
[SourceVersion "1"]
[SourceVersionDate "2024.03.06"]
[SourceQuality "1"]

1. e4 c6 2. Nc3 d5 3. Nf3 Nf6 4. e5 Ne4 5. Ne2 Qb6 6. d4 e6 7. Ng3 c5 8. Bd3 Nxg3 9. fxg3 Nc6 10. 0-0 cxd4 11. a3 Be7 12. b4 a6 13. g4 Bd7 14. Kh1 0-0-0 15. Qe2 f6 16. Bf4 Rdf8 17. Bg3 h5 18. gxh5 f5 19. Nh4 Be8 20. Ng6 Bxg6 21. hxg6 Bg5 22. Rab1 Nd8 23. a4 Be3 24. a5 Qc7 25. Bf4 Bxf4 26. Rxf4 Nc6 27. b5 axb5 28. Re1 Qxa5 29. Bxb5 Na7 30. Rb1 Nxb5 31. Rxb5 Qc3 32. Rf3 Qa1+ 33. Rf1 Qa6 34. Rfb1 Re8 35. Rc5+ Kd8 36. Qxa6 bxa6 37. Rb8+ Kd7 38. Rb7+ Kd8 39. Rxg7 Rhg8 40. Ra7 Rxg6 41. Rcc7 Reg8 42. Rh7 1-0

[Event "ROM-ch"]
[Site "Eforie Nord"]
[Date "2024.02.24"]
[Round "1"]
[White "Danila, Tudor Gabriel"]
[Black "Cnejev, Vladimir Alexandru"]
[Result "0-1"]
[WhiteElo "1901"]
[BlackElo "2311"]
[PlyCount "124"]
[EventDate "2024.02.24"]
[EventType "swiss"]
[EventRounds "9"]
[EventCountry "ROU"]
[SourceTitle "CB10_2024"]
[SourceDate "2024.03.06"]
[SourceVersion "1"]
[SourceVersionDate "2024.03.06"]
[SourceQuality "1"]

1. e4 e5 2. Nf3 Nc6 3. Nc3 Nf6 4. d4 exd4 5. Nxd4 Bb4 6. Nxc6 bxc6 7. Bd3 0-0 8. 0-0 d5 9. exd5 cxd5 10. h3 Rb8 11. Qf3 Rb6 12. Bf4 Bb7 13. Nb5 d4 14. Qg3 Nh5 15. Bxc7 Qd5 16. Qg4 Rxb5 17. Bxb5 Qxb5 18. a3 Nf6 19. Qg3 Bd2 20. Be5 Nh5 21. Qh2 Qd5 22. Rad1 Bf4 23. Bxf4 Nxf4 24. f3 Qf5 25. Rfe1 Ne6 26. Re2 Qb5 27. Qe5 Qxb2 28. f4 Qb6 29. Kh2 Rd8 30. f5 Nf8 31. Rd3 Rd5 32. Qe4 Qd6+ 33. Rg3 Bc8 34. Rf2 f6 35. h4 Qe5 36. Qxe5 fxe5 37. f6 g6 38. Rb3 Kf7 39. Rb8 Rc5 40. g4 Rc7 41. g5 Bf5 42. Re2 e4 43. Kg2 e3 44. Kf3 Bxc2 45. Rh2 Bf5 46. Rhb2 Nd7 47. Rh8 Ne5+ 48. Kg3 Ke6 49. Re8+ Kd6 50. Rb5 Be6 51. Kf4 Nd3+ 52. Kf3 Nc5 53. Rd8+ Ke5 54. Re8 Kf5 55. Re7 Bd5+ 56. Kg3 Ne4+ 57. Kh3 e2 58. f7 Rc3+ 59. Kh2 e1Q 60. Rxd5+ Kg4 61. Rxe4+ Qxe4 62. f8Q Rc2+ 0-1

[Event "EU-ch U14 31st"]
[Site "Mamaia"]
[Date "2023.09.05"]
[Round "1"]
[White "Finek, Vaclav"]
[Black "Danila, Tudor Gabriel"]
[Result "1-0"]
[WhiteElo "2414"]
[BlackElo "1902"]
[PlyCount "51"]
[EventDate "2023.09.05"]
[EventType "swiss"]
[EventRounds "9"]
[EventCountry "ROU"]
[SourceTitle "EXT 2024"]
[Source "ChessBase"]
[SourceDate "2023.10.10"]
[SourceVersion "1"]
[SourceVersionDate "2023.10.10"]
[SourceQuality "1"]

1. d4 Nf6 2. Nf3 e6 3. g3 c5 4. Bg2 cxd4 5. 0-0 d5 6. Nxd4 e5 7. Nb3 Nc6 8. Bg5 Be6 9. Nc3 d4 10. Ne4 Be7 11. Bxf6 gxf6 12. e3 f5 13. Nec5 Bxb3 14. Nxb3 dxe3 15. fxe3 Qb6 16. Kh1 h5 17. Rxf5 h4 18. gxh4 Bxh4 19. Qd5 Rh7 20. Raf1 Bg3 21. Rh5 Ne7 22. Qf3 e4 23. Qg4 Rxh5 24. Qxh5 Bb8 25. Qxf7+ Kd7 26. Bh3+ 1-0

[Event "ROM-ch"]
[Site "Sebes"]
[Date "2023.02.21"]
[Round "4"]
[White "Danila, Tudor Gabriel"]
[Black "Stepanencu, Nicodim Cosmin"]
[Result "0-1"]
[WhiteElo "1939"]
[BlackElo "2283"]
[PlyCount "82"]
[EventDate "2023.02.19"]
[EventType "swiss"]
[EventRounds "9"]
[EventCountry "ROU"]
[SourceTitle "CBM 212 Extra"]
[Source "ChessBase"]
[SourceDate "2023.03.31"]
[SourceVersion "1"]
[SourceVersionDate "2023.03.31"]
[SourceQuality "1"]

1. e4 c6 2. Nf3 d5 3. Nc3 dxe4 4. Nxe4 Nf6 5. Qe2 Nxe4 6. Qxe4 Nd7 7. Bc4 Nf6 8. Ne5 e6 9. Qe2 b5 10. Bb3 Qc7 11. 0-0 Bd6 12. d4 0-0 13. Bf4 a5 14. c3 c5 15. dxc5 Qxc5 16. Nd3 Qc7 17. Bxd6 Qxd6 18. Rfd1 Qb6 19. c4 a4 20. c5 Qc6 21. Bc2 Bb7 22. Qf1 Rfd8 23. Rac1 Qc7 24. f3 a3 25. b4 Bd5 26. Bb1 Bc4 27. Qe1 Rd5 28. Nf2 Qf4 29. Bd3 Bxa2 30. Bxb5 Bb3 31. Rxd5 Nxd5 32. Bc6 Rb8 33. b5 a2 34. b6 Qd4 35. Bd7 Nxb6 36. cxb6 Qxd7 37. Qa5 h6 38. g3 Qb7 39. Qb4 Qxb6 40. Rc8+ Rxc8 41. Qxb6 a1Q+ 0-1

[Event "ROM-chT Blitz"]
[Site "Sebes"]
[Date "2022.12.04"]
[Round "2.23"]
[White "Dragomirescu, Calin"]
[Black "Danila, Tudor Gabriel"]
[Result "1-0"]
[WhiteElo "1971"]
[BlackElo "1939"]
[PlyCount "55"]
[EventDate "2022.12.04"]
[EventType "team-swiss (blitz)"]
[EventRounds "8"]
[EventCountry "ROU"]
[SourceTitle "CBM 211 Extra"]
[Source "ChessBase"]
[SourceDate "2023.01.31"]
[SourceVersion "1"]
[SourceVersionDate "2023.01.31"]
[SourceQuality "1"]
[WhiteTeam "Family Giroc"]
[BlackTeam "Bucharest CSU"]
[WhiteTeamCountry "ROU"]
[BlackTeamCountry "ROU"]

1. d4 Nf6 2. Nf3 e6 3. c4 d5 4. g3 b6 5. cxd5 exd5 6. Bg2 Bb7 7. Nc3 Be7 8. 0-0 0-0 9. Bf4 a6 10. Rc1 Nbd7 11. Ne5 Rc8 12. a3 c5 13. dxc5 Nxc5 14. b4 Nce4 15. Nxe4 dxe4 16. Rxc8 Qxc8 17. Qc1 Qe6 18. Qb2 Nd7 19. Nxd7 Qxd7 20. Rc1 Bf6 21. Qd2 Qa4 22. Qe3 g6 23. h4 h5 24. Qxb6 Ba8 25. Qxf6 Qxa3 26. Rf1 Kh7 27. Be5 Rg8 28. Qxf7+ 1-0

[Event "ROM-chT Blitz"]
[Site "Sebes"]
[Date "2022.12.04"]
[Round "3.27"]
[White "Dumitrascu, Daniel"]
[Black "Danila, Tudor Gabriel"]
[Result "0-1"]
[WhiteElo "1694"]
[BlackElo "1939"]
[PlyCount "123"]
[EventDate "2022.12.04"]
[EventType "team-swiss (blitz)"]
[EventRounds "8"]
[EventCountry "ROU"]
[SourceTitle "CBM 211 Extra"]
[Source "ChessBase"]
[SourceDate "2023.01.31"]
[SourceVersion "1"]
[SourceVersionDate "2023.01.31"]
[SourceQuality "1"]
[WhiteTeam "Medgidia"]
[BlackTeam "Bucharest CSU"]
[WhiteTeamCountry "ROU"]
[BlackTeamCountry "ROU"]

1. e4 c5 2. Nf3 d6 3. d4 cxd4 4. Nxd4 Nf6 5. Nc3 g6 6. Be3 Bg7 7. Be2 0-0 8. 0-0 Nc6 9. Qd2 d5 10. Nxc6 bxc6 11. e5 Nd7 12. f4 Qc7 13. Rad1 Rb8 14. b3 e6 15. Na4 c5 16. Bf2 Rd8 17. Bh4 Re8 18. Qc3 Bb7 19. Bb5 Bc6 20. Bxc6 Qxc6 21. Qf3 Rbc8 22. Rd2 Qb5 23. Qe2 Qa5 24. Rfd1 Nb6 25. Nxb6 axb6 26. a4 Qa8 27. Rd3 c4 28. Rg3 cxb3 29. cxb3 Qa7 30. f5 exf5 31. Rxd5 b5+ 32. Kh1 Rc1+ 33. Rd1 Rxd1+ 34. Qxd1 bxa4 35. bxa4 Bxe5 36. Rd3 Qa8 37. Rd7 Bc3 38. Qb3 Rf8 39. Qxc3 Qxa4 40. h3 Qxd7 41. Bf6 Qd1+ 42. Kh2 Qh5 43. Qe5 Qh6 44. h4 f4 45. Bg5 Qg7 46. Qxf4 f6 47. Bh6 Qf7 48. Bxf8 Qxf8 49. Qc4+ Qf7 50. Qc8+ Kg7 51. Qc3 Qe7 52. Qg3 Qe5 53. Qxe5 fxe5 54. Kg3 Kf6 55. Kg4 h5+ 56. Kf3 Kf5 57. g3 e4+ 58. Ke3 Kg4 59. Kxe4 Kxg3 60. Ke3 Kxh4 61. Kf4 g5+ 62. Kf3 0-1

[Event "ROM-chT Rapid"]
[Site "Sebes"]
[Date "2022.12.03"]
[Round "5.23"]
[White "Buzgaru, Gabriel"]
[Black "Danila, Tudor Gabriel"]
[Result "0-1"]
[WhiteElo "1868"]
[BlackElo "1939"]
[PlyCount "80"]
[EventDate "2022.12.03"]
[EventType "team-swiss (rapid)"]
[EventRounds "8"]
[EventCountry "ROU"]
[SourceTitle "CBM 211 Extra"]
[Source "ChessBase"]
[SourceDate "2023.01.31"]
[SourceVersion "1"]
[SourceVersionDate "2023.01.31"]
[SourceQuality "1"]
[WhiteTeam "Medgidia"]
[BlackTeam "Bucharest CSU"]
[WhiteTeamCountry "ROU"]
[BlackTeamCountry "ROU"]

1. e4 c5 2. Nc3 d6 3. g3 Nc6 4. Bg2 g6 5. Nge2 Bg7 6. 0-0 e6 7. d3 Rb8 8. Be3 Nd4 9. Qd2 b5 10. Nd1 b4 11. c3 Nxe2+ 12. Qxe2 bxc3 13. bxc3 Ne7 14. Bg5 h6 15. Be3 Ba6 16. Qd2 0-0 17. Re1 Kh7 18. f4 Qa5 19. Rc1 Rbe8 20. Qf2 f5 21. e5 dxe5 22. Bxc5 Qc7 23. fxe5 Bxd3 24. Bd6 Qa5 25. Qd4 Bb5 26. Qb4 Qxb4 27. cxb4 Rf7 28. Nc3 Bd7 29. b5 Nc8 30. Bc7 Bf8 31. a4 Bb4 32. Red1 Nb6 33. Na2 Ba5 34. Bxb6 Bxb6+ 35. Kf1 f4 36. Rxd7 Rxd7 37. gxf4 Rd2 38. Nc3 Rf2+ 39. Ke1 Rxg2 40. Ne4 Rg1+ 0-1

[Event "ROM-chT Rapid"]
[Site "Sebes"]
[Date "2022.12.03"]
[Round "3.23"]
[White "Dragomirescu, Calin"]
[Black "Danila, Tudor Gabriel"]
[Result "1-0"]
[WhiteElo "1971"]
[BlackElo "1939"]
[PlyCount "125"]
[EventDate "2022.12.03"]
[EventType "team-swiss (rapid)"]
[EventRounds "8"]
[EventCountry "ROU"]
[SourceTitle "CBM 211 Extra"]
[Source "ChessBase"]
[SourceDate "2023.01.31"]
[SourceVersion "1"]
[SourceVersionDate "2023.01.31"]
[SourceQuality "1"]
[WhiteTeam "Family Giroc"]
[BlackTeam "Bucharest CSU"]
[WhiteTeamCountry "ROU"]
[BlackTeamCountry "ROU"]

1. d4 Nf6 2. Nf3 e6 3. c4 d5 4. g3 Bb4+ 5. Bd2 Bd6 6. Bg2 b6 7. cxd5 exd5 8. Nc3 a6 9. 0-0 0-0 10. Ne5 Bb7 11. Bg5 h6 12. Bxf6 Qxf6 13. Nxd5 Qe6 14. Nf4 Qc8 15. Rc1 Bxg2 16. Nxg2 Re8 17. Nc4 Bf8 18. e3 Qb7 19. Ne5 Bd6 20. Qf3 Qxf3 21. Nxf3 Nd7 22. Rc6 a5 23. Rfc1 a4 24. Nf4 Nf6 25. Nd3 Nd5 26. Nfe5 f6 27. Nc4 Bf8 28. a3 b5 29. Nd2 f5 30. Nf4 Nxf4 31. gxf4 Bd6 32. Nf3 Reb8 33. Ne5 g5 34. fxg5 hxg5 35. h4 b4 36. Nc4 bxa3 37. bxa3 Rb3 38. Nxd6 cxd6 39. hxg5 Rxa3 40. Rxd6 Rd3 41. Rdc6 Kg7 42. Rb1 Ra7 43. Rbb6 Rd7 44. Ra6 a3 45. Kg2 f4 46. Rg6+ Kf8 47. Ra8+ Kf7 48. Rf6+ Kg7 49. Rxf4 Kg6 50. Ra5 Rb7 51. Rf6+ Kg7 52. Rfa6 Rbb3 53. Kf3 Kf7 54. g6+ Kg7 55. Rc5 Rb7 56. Ke4 Rd2 57. f4 Re7+ 58. Re5 Rb7 59. Rea5 Re7+ 60. Kf5 Rd3 61. Rxa3 Rexe3 62. Ra7+ Kh6 63. Rh7# 1-0

[Event "Sebes Romanian Rapid op"]
[Site "Sebes"]
[Date "2022.12.02"]
[Round "2"]
[White "Danila, Tudor Gabriel"]
[Black "Cnejev, Vladimir Alexandru"]
[Result "0-1"]
[WhiteElo "1939"]
[BlackElo "2268"]
[PlyCount "114"]
[EventDate "2022.12.02"]
[EventType "swiss (rapid)"]
[EventRounds "8"]
[EventCountry "ROU"]
[SourceTitle "CBM 211 Extra"]
[Source "ChessBase"]
[SourceDate "2023.01.31"]
[SourceVersion "1"]
[SourceVersionDate "2023.01.31"]
[SourceQuality "1"]

1. e4 e5 2. Nf3 Nc6 3. Nc3 Nf6 4. d4 exd4 5. Nxd4 Bb4 6. Nxc6 bxc6 7. Bd3 0-0 8. 0-0 d5 9. exd5 cxd5 10. h3 c6 11. Qf3 Re8 12. Bf4 Be6 13. Rfd1 Bd6 14. Ne2 Rb8 15. b3 c5 16. c4 d4 17. Bg5 Be5 18. Re1 h6 19. Bd2 Qc7 20. Rad1 Bd7 21. Bf4 Bc6 22. Bxe5 Rxe5 23. Qg3 Rbe8 24. Rf1 Qa5 25. Nc1 Kh8 26. f3 Qc3 27. Bb1 Nh5 28. Qh4 Qe3+ 29. Kh2 Qf4+ 30. Qxf4 Nxf4 31. g3 Nh5 32. Nd3 Re2+ 33. Kg1 Nxg3 34. Rf2 Nh5 35. Nxc5 Nf4 36. Rxe2 Rxe2 37. Rxd4 Nxh3+ 38. Kf1 Rf2+ 39. Ke1 g6 40. Be4 Bxe4 41. fxe4 Rxa2 42. Rd7 Kg7 43. Nd3 Ng5 44. Rd4 h5 45. c5 h4 46. Rc4 h3 47. Nf2 h2 48. Nh1 Ra1+ 49. Kf2 Rxh1 50. Kg2 Re1 51. Kxh2 Rxe4 52. Rc3 Re2+ 53. Kg1 Re7 54. Kg2 Ne4 55. Rc4 f5 56. b4 Rc7 57. Kf1 Nd2+ 0-1

[Event "ROM-ch U12"]
[Site "Eforie Nord"]
[Date "2022.04.13"]
[Round "4"]
[White "Danila, Tudor Gabriel"]
[Black "Tudor, Henry Edward"]
[Result "1/2-1/2"]
[WhiteElo "1642"]
[BlackElo "1918"]
[PlyCount "58"]
[EventDate "2022.04.11"]
[EventType "swiss"]
[EventRounds "9"]
[EventCountry "ROU"]
[SourceTitle "EXT 2023"]
[Source "ChessBase"]
[SourceDate "2022.10.05"]
[SourceVersion "1"]
[SourceVersionDate "2022.10.05"]
[SourceQuality "1"]

1. e4 c5 2. c3 Nf6 3. e5 Nd5 4. d4 cxd4 5. Nf3 e6 6. cxd4 d6 7. Bc4 Nc6 8. 0-0 Be7 9. Qe2 0-0 10. Nc3 Nxc3 11. bxc3 b6 12. Bd3 Bb7 13. exd6 Qxd6 14. Qe4 f5 15. Qe2 Bf6 16. Re1 Rae8 17. a4 Qc7 18. Ba3 Ne7 19. Bb5 Bd5 20. c4 Be4 21. Bxe8 Rxe8 22. Nd2 Bxd4 23. Nxe4 fxe4 24. Qxe4 e5 25. Rac1 Qd7 26. Rcd1 Nf5 27. Bb2 Rc8 28. Kf1 Qf7 29. Bxd4 exd4 1/2-1/2

[Event "ROM-ch U12"]
[Site "Eforie Nord"]
[Date "2022.04.12"]
[Round "3"]
[White "Podea, Andrei"]
[Black "Danila, Tudor Gabriel"]
[Result "0-1"]
[WhiteElo "1497"]
[BlackElo "1642"]
[PlyCount "68"]
[EventDate "2022.04.11"]
[EventType "swiss"]
[EventRounds "9"]
[EventCountry "ROU"]
[SourceTitle "EXT 2023"]
[Source "ChessBase"]
[SourceDate "2022.10.05"]
[SourceVersion "1"]
[SourceVersionDate "2022.10.05"]
[SourceQuality "1"]

1. e4 c5 2. Nc3 d6 3. g3 Nc6 4. Bg2 g6 5. d3 Bg7 6. Nge2 Rb8 7. Be3 b5 8. Qd2 b4 9. Nd1 Nd4 10. Bxd4 cxd4 11. 0-0 e6 12. f4 Ne7 13. Nf2 0-0 14. h3 a5 15. g4 f5 16. gxf5 gxf5 17. Kh2 e5 18. Rg1 Bh6 19. Raf1 Kh8 20. Nh1 Ng6 21. Qe1 Nxf4 22. Nxf4 Bxf4+ 23. Ng3 Qh4 24. Rf3 fxe4 25. dxe4 Rg8 26. Bf1 Be6 27. Rd3 Rbf8 28. Rf3 Bg4 29. Rd3 Be3 30. Rh1 Rf2+ 31. Bg2 Qxh3+ 32. Kg1 Rxg2+ 33. Kf1 Rf2+ 34. Kg1 Rf1# 0-1

[Event "ROM-ch blitz"]
[Site "Bucharest"]
[Date "2022.03.13"]
[Round "5"]
[White "Manea, Alexandru"]
[Black "Danila, Tudor Gabriel"]
[Result "1-0"]
[WhiteElo "2267"]
[BlackElo "1430"]
[PlyCount "57"]
[EventDate "2022.03.13"]
[EventType "swiss (blitz)"]
[EventRounds "9"]
[EventCountry "ROU"]
[SourceTitle "EXT 2023"]
[Source "ChessBase"]
[SourceDate "2022.10.05"]
[SourceVersion "1"]
[SourceVersionDate "2022.10.05"]
[SourceQuality "1"]

1. d4 Nf6 2. Nf3 e6 3. g3 d5 4. Bg2 Be7 5. 0-0 0-0 6. b3 b6 7. Bb2 Bb7 8. c4 c5 9. cxd5 exd5 10. Nc3 Nbd7 11. Rc1 Rc8 12. dxc5 Nxc5 13. Nb5 a6 14. Nbd4 Ne6 15. Nxe6 fxe6 16. Nd4 Qd6 17. Bh3 Rxc1 18. Qxc1 e5 19. Nf5 Qd8 20. Bxe5 Bc8 21. Qxc8 Qxc8 22. Nxe7+ Kf7 23. Nxc8 b5 24. Bd4 Ne4 25. f3 Nf6 26. Rc1 Rd8 27. Rc7+ Kf8 28. Be6 Re8 29. Bc5+ 1-0

[Event "Hannibal Online op U10"]
[Site "Chess.com INT"]
[Date "2020.06.05"]
[Round "5"]
[White "Danila, Tudor Gabriel"]
[Black "Akhmedov, David"]
[Result "1-0"]
[WhiteElo "1582"]
[BlackElo "1808"]
[PlyCount "217"]
[EventDate "2020.06.01"]
[EventType "swiss"]
[EventRounds "9"]
[EventCountry "MDA"]
[SourceTitle "CBM 196 Extra"]
[Source "ChessBase"]
[SourceDate "2020.07.31"]
[SourceVersion "1"]
[SourceVersionDate "2020.07.31"]
[SourceQuality "1"]

1. c4 Nf6 2. g3 g6 3. Bg2 Bg7 4. Nc3 0-0 5. d3 d6 6. e3 e5 7. Nge2 Nbd7 8. Rb1 a5 9. 0-0 Nc5 10. b3 Bf5 11. e4 Bd7 12. f4 c6 13. f5 Na6 14. h3 Ne8 15. g4 g5 16. Be3 Nc5 17. Qd2 f6 18. Kf2 h6 19. Rfd1 Na6 20. Na4 c5 21. Nac3 Bc6 22. Ng3 Qe7 23. Nd5 Bxd5 24. exd5 b6 25. Ne4 Rd8 26. a3 Rd7 27. Ra1 Nec7 28. Rdb1 Rdd8 29. Qe1 Rd7 30. Bd2 Ra8 31. Bf3 Rdd8 32. Bd1 Ra7 33. Bc2 Rda8 34. Bc3 Kf7 35. Qd2 Bf8 36. Qc1 Bg7 37. Kg2 Bf8 38. Bd2 Bg7 39. Be3 Kg8 40. Qd2 Qd8 41. Ra2 Ne8 42. Rab2 Qc7 43. Rh1 Qe7 44. Rbb1 Qf8 45. Qf2 Qe7 46. Rbf1 Qd8 47. Qe1 Qe7 48. Qf2 Qd8 49. Qf3 Rb8 50. Qg3 Rbb7 51. Qh2 Rf7 52. Bd2 Rfb7 53. h4 Rf7 54. Rd1 Rab7 55. Ra1 Ra7 56. Rhb1 Ra8 57. Qh1 Rfa7 58. Rf1 Rf7 59. Ra2 Kf8 60. Rfa1 Rfa7 61. Qb1 Qe7 62. Nc3 Nec7 63. Ne4 Ne8 64. Qh1 Kg8 65. Qh2 Qd8 66. Rh1 Rf7 67. Rha1 Rfa7 68. Nc3 Nec7 69. Rf1 Ne8 70. Ne4 Rf7 71. Bc1 Raa7 72. Bb1 Nb8 73. Be3 Nd7 74. Bd2 Ra8 75. Rf2 Nf8 76. h5 Rfa7 77. Bc3 Ra6 78. Kg1 R8a7 79. b4 axb4 80. axb4 Qa8 81. Rxa6 Rxa6 82. Ra2 Ra3 83. Qb2 Ra4 84. Qb3 Rxa2 85. Qxa2 Qxa2 86. Bxa2 Nd7 87. Bb3 cxb4 88. Bxb4 Nc5 89. Bxc5 bxc5 90. Ba4 Kf8 91. Bxe8 Kxe8 92. Nxd6+ Kd7 93. Ne4 Kc7 94. Nxc5 Kd6 95. Ne6 Bh8 96. Kf2 Kd7 97. c5 Ke7 98. Ke2 Kd7 99. Kd2 Ke7 100. Kc3 Kd7 101. Kb4 Ke7 102. Kb5 Kd7 103. d6 Kc8 104. c6 e4 105. dxe4 Bg7 106. d7+ Kb8 107. d8Q+ Ka7 108. Qb6+ Ka8 109. Qb7# 1-0

[Event "Hannibal Online op U10"]
[Site "Chess.com INT"]
[Date "2020.06.03"]
[Round "3"]
[White "Danila, Tudor Gabriel"]
[Black "Balaban, Victor Gabriel"]
[Result "1-0"]
[WhiteElo "1582"]
[BlackElo "1058"]
[PlyCount "103"]
[EventDate "2020.06.01"]
[EventType "swiss"]
[EventRounds "9"]
[EventCountry "MDA"]
[SourceTitle "CBM 196 Extra"]
[Source "ChessBase"]
[SourceDate "2020.07.31"]
[SourceVersion "1"]
[SourceVersionDate "2020.07.31"]
[SourceQuality "1"]

1. c4 e6 2. g3 d5 3. Bg2 Nf6 4. Nf3 Be7 5. 0-0 0-0 6. d4 b6 7. Nc3 Bb7 8. Ne5 Nbd7 9. cxd5 exd5 10. Nd3 c5 11. Nf4 Nb8 12. dxc5 bxc5 13. Ncxd5 Nxd5 14. Nxd5 Nd7 15. Nxe7+ Qxe7 16. Bxb7 Rab8 17. Bg2 Rfd8 18. Qc2 Nf6 19. Bg5 Rb6 20. Bxf6 Rxf6 21. Rfd1 Rf8 22. Rac1 Rc8 23. Bh3 Rc7 24. Qd3 g6 25. Qd8+ Qxd8 26. Rxd8+ Kg7 27. Rd7 Rfc6 28. Rxc7 Rxc7 29. Rd1 Kf6 30. Rd7 Rxd7 31. Bxd7 Ke5 32. Kg2 Kd4 33. Kf3 f6 34. Bb5 h6 35. e3+ Ke5 36. Bc4 g5 37. Kg4 Ke4 38. Be2 c4 39. Kh5 a5 40. Bxc4 Kf3 41. Kxh6 Kxf2 42. Kg6 Kg2 43. Kxf6 Kxh2 44. Kxg5 Kxg3 45. e4 Kf3 46. e5 Ke4 47. e6 Ke5 48. e7 Kd6 49. e8Q Kc5 50. Qe6 Kb4 51. Bb3 a4 52. Qb6# 1-0

[Event "Hannibal Online op U10"]
[Site "Chess.com INT"]
[Date "2020.06.02"]
[Round "2"]
[White "Chiosa, Elena"]
[Black "Danila, Tudor Gabriel"]
[Result "0-1"]
[WhiteElo "1027"]
[BlackElo "1582"]
[PlyCount "108"]
[EventDate "2020.06.01"]
[EventType "swiss"]
[EventRounds "9"]
[EventCountry "MDA"]
[SourceTitle "CBM 196 Extra"]
[Source "ChessBase"]
[SourceDate "2020.07.31"]
[SourceVersion "1"]
[SourceVersionDate "2020.07.31"]
[SourceQuality "1"]

1. e4 c5 2. Nf3 g6 3. Nc3 Bg7 4. d4 cxd4 5. Nxd4 Nc6 6. Be3 Nf6 7. Bd3 0-0 8. 0-0 d5 9. exd5 Nxd5 10. Nxd5 Qxd5 11. Nb3 Bxb2 12. Rb1 Bg7 13. f4 b6 14. h4 Bb7 15. h5 Nb4 16. Rf2 Nxd3 17. Qxd3 Qxd3 18. cxd3 Rfd8 19. hxg6 hxg6 20. d4 e6 21. g4 Rac8 22. Re1 f5 23. gxf5 exf5 24. Rg2 Bxg2 25. Kxg2 Rc2+ 26. Kf3 Rxa2 27. Rb1 Rb8 28. d5 Rb2 29. Rxb2 Bxb2 30. Nd2 Rd8 31. Nc4 Bg7 32. d6 b5 33. Na5 Rxd6 34. Nb7 Rd3 35. Kf2 Bd4 36. Bxd4 Rxd4 37. Ke3 Rc4 38. Nd6 Rb4 39. Nc8 a5 40. Nb6 a4 41. Nd5 Rb1 42. Nc3 Rb2 43. Nd1 a3 44. Nxb2 axb2 45. Kd2 b1Q 46. Kc3 Qe4 47. Kb3 Kf7 48. Kc3 Ke6 49. Kb3 Kd5 50. Ka2 Qc2+ 51. Ka1 Qd2 52. Kb1 Kc4 53. Ka1 Kb3 54. Kb1 Qb2# 0-1

[Event "ROM-ch U10"]
[Site "Calimanesti Caciulata"]
[Date "2019.04.15"]
[Round "1"]
[White "Danila, Tudor Gabriel"]
[Black "Crisan, Darian Florin"]
[Result "1-0"]
[WhiteElo "1406"]
[BlackElo "1077"]
[PlyCount "57"]
[EventDate "2019.04.15"]
[EventType "swiss"]
[EventRounds "9"]
[EventCountry "ROU"]
[SourceTitle "CBM 190 Extra"]
[Source "ChessBase"]
[SourceDate "2019.07.15"]
[SourceVersion "1"]
[SourceVersionDate "2019.07.15"]
[SourceQuality "1"]

1. c4 e5 2. g3 Nf6 3. Bg2 Nc6 4. Nc3 Bc5 5. e3 0-0 6. Nge2 d6 7. d4 Bb4 8. 0-0 Be6 9. d5 Bd7 10. dxc6 Bxc6 11. a3 Bxg2 12. Kxg2 Bxc3 13. Nxc3 c6 14. e4 Qd7 15. Bg5 Qe6 16. Bxf6 Qxf6 17. Qd2 Rad8 18. Rad1 Rfe8 19. Qe3 Re6 20. Qxa7 h6 21. Qb6 d5 22. cxd5 cxd5 23. Qe3 d4 24. Qd2 Ree8 25. Nd5 Qc6 26. Rc1 Qb5 27. Rfd1 Rc8 28. Ne7+ Kf8 29. Nxc8 1-0

[Event "EU-ch U08 27th"]
[Site "Mamaia"]
[Date "2017.09.12"]
[Round "7"]
[White "Qasem, Muhamad Mody"]
[Black "Danila, Tudor Gabriel"]
[Result "1/2-1/2"]
[WhiteElo "1222"]
[BlackElo "1025"]
[PlyCount "91"]
[EventDate "2017.09.05"]
[EventType "swiss"]
[EventRounds "9"]
[EventCountry "ROU"]
[SourceTitle "CBM 180 Extra"]
[Source "ChessBase"]
[SourceDate "2017.10.06"]
[SourceVersion "1"]
[SourceVersionDate "2017.10.06"]
[SourceQuality "1"]

1. d4 c5 2. d5 e5 3. c4 d6 4. e4 Ne7 5. Nc3 g6 6. f4 f6 7. Nf3 Bg7 8. Bd3 Bg4 9. h3 Bd7 10. 0-0 0-0 11. Qe1 Qb6 12. Qg3 Na6 13. a3 Nc7 14. Rb1 a5 15. Be3 a4 16. fxe5 fxe5 17. h4 Qa7 18. Qh2 Qb8 19. h5 Ne8 20. hxg6 Nxg6 21. Ng5 Nf6 22. Rf2 h6 23. Nh3 Ng4 24. Rxf8+ Qxf8 25. Qg3 Nxe3 26. Qxe3 Bxh3 27. Qxh3 Nf4 28. Qf3 Qf6 29. Rf1 Qg5 30. Qe3 h5 31. Ne2 Rf8 32. Nxf4 Rxf4 33. Qh3 Rxf1+ 34. Kxf1 Qd2 35. Qc8+ Kh7 36. Qf5+ Kh6 37. Qe6+ Kg5 38. Qf5+ Kh4 39. Qh3+ Kg5 40. Qf5+ Kh6 41. Qe6+ Kh7 42. Qf5+ Kg8 43. Qc8+ Kf7 44. Qe6+ Kf8 45. Qxd6+ Kg8 46. Qe6+ 1/2-1/2

[Event "EU-ch U08 27th"]
[Site "Mamaia"]
[Date "2017.09.11"]
[Round "6"]
[White "Danila, Tudor Gabriel"]
[Black "Savin, Mihai"]
[Result "1-0"]
[WhiteElo "1025"]
[BlackElo "1025"]
[PlyCount "111"]
[EventDate "2017.09.05"]
[EventType "swiss"]
[EventRounds "9"]
[EventCountry "ROU"]
[SourceTitle "CBM 180 Extra"]
[Source "ChessBase"]
[SourceDate "2017.10.06"]
[SourceVersion "1"]
[SourceVersionDate "2017.10.06"]
[SourceQuality "1"]

1. d4 e6 2. Nf3 f5 3. c4 Nf6 4. Nc3 Bb4 5. Bd2 b6 6. e3 Bb7 7. Bd3 Bxc3 8. Bxc3 0-0 9. Qc2 d6 10. Qe2 Nbd7 11. 0-0 Qe8 12. Rfe1 Qg6 13. Bc2 Ne4 14. Rad1 Ndf6 15. Bb3 Kh8 16. h3 Nxc3 17. bxc3 Ne4 18. Rc1 a5 19. Bc2 f4 20. Kh1 fxe3 21. Qxe3 d5 22. cxd5 exd5 23. Rf1 Rae8 24. Qd3 Qh5 25. Rce1 Ba8 26. Kh2 h6 27. Rg1 Nf6 28. Re5 Ng4+ 29. Kg3 Qxe5+ 30. Nxe5 Nf6 31. Ng6+ Kg8 32. Nxf8 Rxf8 33. Kh2 Ne4 34. f3 Nf6 35. Qb5 c6 36. Qxb6 a4 37. Bxa4 Kf7 38. Bxc6 Kg6 39. Bxa8 Rxa8 40. Qb3 Kh7 41. Ra1 Kg6 42. a4 Kh7 43. a5 Kg6 44. a6 Kf5 45. a7 Nd7 46. Qb7 Nb6 47. Qxb6 Kf4 48. Qd6+ Ke3 49. Qe6+ Kd3 50. Rd1+ Kxc3 51. Qc6+ Kb3 52. Qxd5+ Kb4 53. Qc5+ Kb3 54. Rb1+ Ka2 55. Qc2+ Ka3 56. Qb3# 1-0